|
|
|
|
| LEADER |
00000nam0a2200000 4500 |
| 001 |
341930 |
| 005 |
20231102005411.0 |
| 010 |
|
|
|a 9785699455164
|
| 035 |
|
|
|a (RuTPU)RU\TPU\book\370259
|
| 090 |
|
|
|a 341930
|
| 100 |
|
|
|a 20181106d2015 m y0rusy50 ca
|
| 101 |
1 |
|
|a rus
|c eng
|
| 102 |
|
|
|a RU
|
| 105 |
|
|
|a y z 000ay
|
| 200 |
1 |
|
|a Великий Гэтсби
|e роман
|e пер. с англ.
|f Ф. С. Фицджеральд
|
| 210 |
|
|
|a Москва
|c Эксмо
|d 2015
|
| 215 |
|
|
|a 256 с.
|
| 225 |
1 |
|
|a Pocketbook
|
| 330 |
|
|
|a "Великий Гэтсби" — самый известный роман Фрэнсиса Фицджеральда, ставший символом "века джаза". Америка, 1925 г., время "сухого закона" и гангстерских разборок, ярких огней и яркой жизни. Но для Джея Гэтсби воплощение американской мечты обернулось настоящей трагедией. А путь наверх, несмотря на славу и богатство, привел к тотальному крушению. Ведь каждый из нас в первую очередь стремится не к материальным благам, а к любви, истинной и вечной...
|
| 606 |
1 |
|
|a Американская литература (англо-язычная литература)
|2 stltpush
|3 (RuTPU)RU\TPU\subj\28887
|9 52349
|
| 610 |
1 |
|
|a художественная литература
|
| 610 |
1 |
|
|a романы
|
| 675 |
|
|
|a 82
|v 4
|
| 700 |
|
1 |
|a Фицджеральд
|b Ф. С.
|c американский писатель
|f 1896-1940
|g Френсис Скотт
|2 stltpush
|3 (RuTPU)RU\TPU\pers\11745
|9 2892
|
| 801 |
|
1 |
|a RU
|b 63413507
|c 20181106
|
| 801 |
|
2 |
|a RU
|b 63413507
|c 20181121
|g RCR
|
| 942 |
|
|
|c BK
|